Исследование и расчет виброакустических характеристик электрических машин: сборник научных трудов

Dades bibliogràfiques
Autor corporatiu: Московский энергетический институт (МЭИ)
Altres autors: Медведев В. Т. (редактор)
Idioma:rus
Publicat: Москва, Изд-во МЭИ, 1989
Col·lecció:Научные труды [МЭИ] № 212
Matèries:
Format: MixedMaterials Llibre
KOHA link:https://koha.lib.tpu.ru/cgi-bin/koha/opac-detail.pl?biblionumber=107538

MARC

LEADER 00000nam0a2200000 4500
001 107538
005 20250211063204.0
035 |a (RuTPU)RU\TPU\book\116097 
090 |a 107538 
100 |a 20061225a1989 k a0rusy5003 ca 
101 0 |a rus 
102 |a RU 
105 |a a z 001zy 
200 1 |a Исследование и расчет виброакустических характеристик электрических машин  |e сборник научных трудов  |f Московский энергетический институт (МЭИ); под ред. В. Т. Медведева 
210 |a Москва  |c Изд-во МЭИ  |d 1989 
215 |a 74,[2] с.  |c ил.  |d 20 см 
225 1 |a Научные труды [МЭИ]  |v № 212 
320 |a Библиогр. в конце ст. 
500 1 0 |a Труды Московского энергетического института  |9 88841 
606 1 |a Электрические машины  |x Борьба с вибрацией  |2 stltpush  |3 (RuTPU)RU\TPU\subj\27079  |9 50882 
610 1 |a виброакустика 
610 1 |a шум 
610 1 |a научные труды 
610 1 |a малошумные электрические машины 
675 |a 621.313-7  |v 3 
702 1 |a Медведев  |b В. Т.  |4 340 
712 0 2 |a Московский энергетический институт (МЭИ)  |c (1930-1992)  |3 (RuTPU)RU\TPU\col\20092 
801 0 |a RU  |b RuMRKP  |c 19950417  |g psbo 
801 1 |a RU  |b 63413507  |c 20061225  |g PSBO 
801 2 |a RU  |b 63413507  |c 20180411  |g PSBO 
942 |c BK